Top 10 Città più popolose Provincia di Cuneo - Statistics

Statistiche generali
  • Questo quiz è stato fatto 74 volte
  • Il punteggio medio è 8 su 10
Statistiche sulle risposte
Popolazione (ab.) Città % Corretto
55 013 Cuneo
100%
30 804 Alba
95%
28 935 Bra
90%
24 710 Fossano
90%
17 224 Saluzzo
88%
22 253 Mondovì
86%
20 935 Savigliano
84%
12 372 Borgo San Dalmazzo
60%
10 113 Busca
48%
10 028 Racconigi
41%
Nessun quiz corrispondente trovato
Distribuzione punteggi
Percentuale di utenti per punteggio
Percentile per numero di risposta
I tuoi punteggi nel tempo
Non hai fatto questo quiz